000 00770nmm a2200277 a 4500
003 AR-BaBNM
005 20251128211317.0
008 193120s1974 ||||||||||||||000 | spa||
020 _a84-7002-103-6
040 _cAR-BaBNM
245 1 0 _aAntología de novelas de anticipación
_bciencia-ficción: cuarta selección
250 _a4ª ed.
260 _aBarcelona
_bEdiciones Acervo
_c1974
300 _a434 p.
650 4 _aLITERATURA ESTADOUNIDENSE
650 4 _aLITERATURA INGLESA
650 4 _aANTOLOGIAS
650 4 _aESCRITORES
650 4 _aCIENCIA FICCION
650 4 _aLITERATURA CONTEMPORANEA
655 _aLITERATURA
700 1 _aPerales, Ana María
_ecompilador
700 1 _aAroca, José María
_etraductor
942 _cBK
998 _cmartin
999 _c19098
_d19098